Whole Grains in MultiGrain Cheerios? Quiz Stats

Quiz not verified by Sporcle

Also try: By the Numbers
Challenge
Share
Tweet
Embed
Score 0/5 Timer 01:00
0 Plays Today
Grain % Correct
Wheat
95.9%
Oats
87.8%
Corn
83.7%
Barley
77.6%
Rice
77.6%

You're not logged in!

Compare scores with friends on all Sporcle quizzes.
Sign Up with Email
OR
Log In

You Might Also Like...

Show Comments

Extras

Top Quizzes Today


Score Distribution

Your Account Isn't Verified!

In order to create a playlist on Sporcle, you need to verify the email address you used during registration. Go to your Sporcle Settings to finish the process.